000 00643nam a2200205Ii 4500
003 JO-AjNU
008 230605s9999||||xx |||||||||||||| ||und||
017 _a2013/4/1388
040 _aJO-AjNU
_bara
_erda
_cJO-AjNU
041 _aara
050 1 4 _aAC106 2013
100 3 _aطمليه، محمد,
_eauthor
_950525
245 0 0 _aشاهد عيان
264 3 1 _aعمان: دار طمليه للدراسات والابحاث، 2013
300 _a405ص
336 _atext
_btxt
_2rdacontent
337 _aunmediated
_bn
_2rdamedia
338 _avolume
_bnc
_2rdacarrier
650 4 _aالادب العربي - الاردن - مقالات
_950526
999 _aA22262
_c25830
_d25830